000 00974 a2200241 4500
003 Nust
005 20221223192353.0
010 _a 2010047251
020 _a0470824468 (cloth)
020 _a9780470824467 (cloth)
035 _a(OCoLC)ocn693553938
040 _cNust
082 0 0 _a621.384135,ZAH
100 1 _aZhang, Zhijun,
_968452
245 1 0 _aAntenna design for mobile devices /
_cZhijun Zhang.
260 _aSingapore :
_bJohn Wiley & Sons (Asia),
_c2011.
300 _axviii, 280 p. :
_bill. ;
_c26 cm.
505 _aIntroduction (Page-1), Antenna Matching (Page-19), External Antennas (Page-59), Internal Antenna (Page-139), Antenna Measurement (Page-189), Regulations Related To Antenna Engineers (Page-239).
650 0 _aMiniature electronic equipment
_xDesign and construction.
_9105789
650 0 _aMobile communication systems
_xEquipment and supplies
_xDesign and construction.
_9105790
650 0 _aTelecommunication engineering
942 _cREF
_2ddc
999 _c189232
_d189232